000
00266nam a22001217a 4500
082
_a
001
_b
DIX/R
100
_a
DIXON,DOUGAL
245
_a
ROCKS & MINERALS
260
_a
LONDON
_b
GREENWICH EDITIONS
300
_a
160
650
_a
GENERAL KNOWLEDGE
_z
LONDON
942
_c
BK
999
_c
2988
_d
2988